[Event "Charleville Mezieres op 5th"]
[Site "Charleville Mezieres"]
[Date "2008.??.??"]
[Round "4"]
[White "Stas, Jean"]
[Black "Albert, Julien"]
[Result "1-0"]
[WhiteElo "1790"]
[BlackElo "1453"]
[PlyCount "81"]
[EventDate "2008.12.26"]
[EventType "swiss"]
[EventRounds "7"]
[EventCountry "FRA"]
[SourceTitle "CBM 128 Extra"]
[Source "ChessBase"]
[SourceDate "2009.03.05"]
[SourceVersion "2"]
[SourceVersionDate "2009.03.25"]
[SourceQuality "1"]

1. d4 Nf6 2. Bg5 c5 3. Bxf6 gxf6 4. g3 f5 5. e3 Bg7 6. c3 d5 7. Nf3 Qb6 8. Qc2 Nc6 9. Bh3 Bd7 10. Nbd2 e6 11. Nb3 cxd4 12. Nfxd4 Nxd4 13. exd4 Ba4 14. f4 h5 15. 0-0 Rc8 16. Qd2 Bxb3 17. axb3 Ke7 18. b4 Rcg8 19. Qe2 Bf6 20. Bxf5 Bg7 21. Kh1 Kd7 22. Bh3 a6 23. Ra5 f5 24. Bxf5 exf5 25. Rxd5+ Kc8 26. Qe7 Re8 27. Rc5+ Kb8 28. Qxg7 Qe6 29. Qc7+ Ka8 30. Re5 Qc6+ 31. Qxc6 bxc6 32. Rfe1 Rxe5 33. Rxe5 Rf8 34. Kg2 Kb7 35. Kh3 Kc7 36. Kh4 Kd8 37. Kg5 h4 38. Rxf5 Rxf5+ 39. Kxf5 hxg3 40. hxg3 Kd7 41. Kf6 1-0